000 01325nam a2200421 c 4500
001 53821
003 ES-MaCES
005 20251115040006.0
008 250728s2025 sp |||| | 000 ||spa d
017 _aV 4378-2024
_bDL
020 _a9788412889284
040 _aES-MaCES
_bspa
_cES-MaCES
100 1 _941443
_aMolins, Vicent
245 1 0 _aCiudad clickbait
_b: cuando buscar casa en tu ciudad se volvió una pesadilla
_cVicent Molins
250 _a1ªed
260 _aValencia
_bBarlin Libros
_c2025
300 _a153 p.
_c21 cm
490 1 _aColección Paisaje
541 _cCompra
650 i 4 _aciudad
_928617
650 4 _azona urbana
_928618
650 4 _aturismo
_927890
650 4 _adesarrollo turístico
_930223
650 4 _aeconomía colaborativa
_937923
650 4 _aevaluación del impacto
_930732
650 4 _aconsecuencias sociales
_927288
650 4 _aconsecuencias económicas
_927082
650 4 _avivienda
_928598
650 4 _anecesidades de vivienda
_928600
650 4 _apoblación urbana
_928621
650 4 _aproblema social
_927044
650 4 _aEspaña
_926964
650 4 _ainvestigación sociológica
_927260
653 1 0 _aVivienda-Construcción-Urbanismo
830 0 _939126
_aColección Paisaje (Barlin Libros)
902 _aLIB Libro
942 _2CES
_cBK
_h5.2.
999 _c53821
_d53821